1619 1640 1512 1837 1935 1011 1403 1778 1333 1260 1503 1016 1507 1324 1248 1041 1622 1729 1414 1098 1992 1789 1234 1879 1662 1766 1411 1288 1915 1449 1891 1028 1171 1646 1322 1936 1855 1708 1291 1656 1725 1117 1203 1054 1016 1279 1995 1419 1065 1752 1810 1701 1411 1754 1994 1655 1831 1855 1177 1151 1413 1100 1738 1573 1586 1190 1012 1060 1298 1125 1223 1011 1553 1087 1776 1925 1669 1596 1545 1210 1494 1527 1290 1930 1402 1882 1837 1679 1759 1120 1004 1723 1069 1079 1489 1746 1690 1490 1860 BCNSPRNW ULIB Ver.6.0+V

เปลี่ยนเป็นภาษาไทย

Change to English
 แสดงรายละเอียดบรรณานุกรม
  กลับหน้าหลัก

Brief Record : Get Marc (ISO 2709) : E-mail record : QR code < ปิดหน้าต่าง
LEADER : 00000nam 2200000uu 4500
001    13399114677
003     ULIB
008    120429s2553||||th 000 0 tha d
020    ^a9789744019165
060 04 ^aWS141^bด764ค
245 00 ^aคู่มือการสัมภาษณ์และตรวจร่างกายเด็ก =^bManual of pediatricinterview and physical examination /^cบรรณาธิการ, ดุสิต สถาวร ... [และคนอื่นๆ]
246 31 ^aManual of pediatric interview and physical examination
250    ^aพิมพ์ครั้งที่ 1
260    ^a[กรุงเทพฯ] :^bภาควิชากุมารเวชศาสตร์วิทยาลัยแพทยศาสตร์พระมงกุฎเกล้าและกองกุมารเวชกรรม โรงพยาบาลพระมงกุฎเกล้า,^c2553
300    ^axxviii, 748 หน้า :^bภาพประกอบ ;^c21 ซม.
650  7 ^aการซักประวัติผู้ป่วย^xในวัยทารกและวัยเด็ก
650  7 ^aการตรวจร่างกาย^xในวัยทารกและวัยเด็ก
700 0  ^aดุสิต สถาวร,^eบรรณาธิการ
710 2  ^aวิทยาลัยแพทยศาสตร์พระมงกุฎเกล้า. ^bภาควิชากุมารเวชศาสตร์
710 2  ^aโรงพยาบาลพระมงกุฎเกล้า. ^bกองกุมารเวชกรรม
945    ^p480^l0^i18975
945    ^p480^l0^i16706
945    ^p480^l0^i16707
945    ^p480^l0^i16708
945    ^p480^l0^i16709
995    ^a เกษร
999    ^aใช้งานได้ทุกระบบ
รายการนี้ยังไม่มีแท็ก
คุณยังไม่ได้ล็อกอิน คุณสามารถมีกิจกรรมร่วมกับเว็บไซต์ได้ แต่ต้องล็อกอินก่อน ::
  ล็อกอิน

รายการสื่อสารสนเทศ

ลำดับที่ ประเภท เลขเรียก/บาร์โค้ด สถานที่ สถานะ
1. วิทยาศาสตร์การแพทย์ และสุขภาพ
วิทยาศาสตร์การแพทย์ และสุขภาพ
WS141 ด764ค ฉ.1 
  Barcode: 18975
ห้องสมุดวิทยาเขตนครสวรรค์
►ส่วนจัดเก็บหนังสือเก่า นว.
บนชั้น
  ขอยืม
2. วิทยาศาสตร์การแพทย์ และสุขภาพ
วิทยาศาสตร์การแพทย์ และสุขภาพ
WS141 ด764ค ฉ.2 
  Barcode: 16706
ห้องสมุดวิทยาเขตนครสวรรค์
►ส่วนจัดเก็บหนังสือเก่า นว.
บนชั้น
  ขอยืม
3. วิทยาศาสตร์การแพทย์ และสุขภาพ
วิทยาศาสตร์การแพทย์ และสุขภาพ
WS141 ด764ค ฉ.3 
  Barcode: 16707
ห้องสมุดวิทยาเขตนครสวรรค์
►ส่วนจัดเก็บหนังสือเก่า นว.
บนชั้น
  ขอยืม
4. วิทยาศาสตร์การแพทย์ และสุขภาพ
วิทยาศาสตร์การแพทย์ และสุขภาพ
WS141 ด764ค ฉ.4 
  Barcode: 16708
ห้องสมุดวิทยาเขตนครสวรรค์
►ส่วนจัดเก็บหนังสือเก่า นว.
บนชั้น
  ขอยืม
5. วิทยาศาสตร์การแพทย์ และสุขภาพ
วิทยาศาสตร์การแพทย์ และสุขภาพ
WS141 ด764ค ฉ.5 
  Barcode: 16709
ห้องสมุดวิทยาเขตนครสวรรค์
►ส่วนจัดเก็บหนังสือเก่า นว.
บนชั้น
  ขอยืม

BibComment


ยังไม่เคยถูกคอมเมนท์

คอมเมนท์ทรัพยากรรายการนี้
  คอมเมนท์: คู่มือการสัมภาษณ..


 Copyright 2026. Bcnsprnw @Library